Peep Show Quiz 3 - Statistics

General Stats
  • This quiz has been taken 546 times
  • The average score is 6 of 15
Answer Stats
Hint Answer % Correct
What does Super Hans want to keep in the pub? Washing Machine
90%
“Is that normal __________ you’re doing?” Pooing
80%
What chocolate bar does mark hide from Jez when stranded in the Quantox? Twix
80%
How does Sarah describe the sex with Jez (Now that, is ________) Tickety-Boo
74%
Mark angered a bird when he was along in a revine, what type of bird was it? Crow
55%
What herb does Jez want to borrow from Mark after he is mugged? Parsley
48%
What animal does the pill have on it? Chicken
47%
What does Stu drink straight from the bottle? Milk
46%
What type of Pizza does Jez want to eat in the bath with Suze? Margherita
35%
What does Suze describe Mark as when he gets in the bed with her? Eunuch
30%
Where does Mark pretend to have a training day when confronting Sophie at the train station? Oxford
15%
….and what is/was the name of their cat? Castro
13%
Where was Carla making a housing benefits scam? Lincoln
11%
What ads does Mark really hate? Orange
10%
What are the names of the couple Sophie and Mark talk to in the restaurant? Gerrard and Isobel
5%
No matching quizzes found
Score Distribution
Percent of People with Each Score
Percentile by Number Answered
Your Score History
You have not taken this quiz